000 00784nas a2200253 4500
001 BR9201492
003 BR-BrBNA
005 20231205092417.0
007 ta
008 230509b bl.|||p| |||| 00| 00por d
040 _aBR-BrBNA
_bpor
_cBiblioteca Nacional de Agricultura
041 _a(Pt)
072 _aE50
100 1 _aLandim, J.R.M.
100 1 _aMonteiro, M.A.A.
245 1 _aA mao-de-obra familiar na composicao da forca de trabalho na agricultura em diferentes regioes do estado de Sao Paulo
650 _aAGRICULTURA
650 _aMAO-DE-OBRA
650 _aSOCIOLOGIA RURAL
650 _aFAMILIA
773 0 _tCiencia Agronomica. Jaboticabal (Brazil)
_x
_g(1989), v. 4(1) p. 23-24
_wBR9201492
909 _a202311
_bLúcia
_c55
_dLúcia Elande
942 _2AGRIS
_n0
_cANA
999 _c131517
_d131517